Подробности
| 000 -МАРКЕР |
| контрольное поле |
02169nam0a2200361 4500 |
| 001 - ИДЕНТИФИКАТОР ЗАПИСИ |
| контрольное поле |
RU\NLR\BIBL_A\011508987 |
| 005 - ИДЕНТИФИКАТОР ВЕРСИИ |
| контрольное поле |
20260407134057.0 |
| 010 ## - МЕЖДУНАРОДНЫЙ СТАНДАРТНЫЙ НОМЕР КНИГИ (ISBN) |
| Номер (ISBN) |
5-89282-068-8 |
| Тираж |
200 |
| 035 ## - ДРУГИЕ СИСТЕМНЫЕ НОМЕРА |
| Идентификатор записи |
(RuMoRGB)000745857 |
| 035 ## - ДРУГИЕ СИСТЕМНЫЕ НОМЕРА |
| Идентификатор записи |
(RuMoRGB)KNO-0207646 |
| 035 ## - ДРУГИЕ СИСТЕМНЫЕ НОМЕРА |
| Идентификатор записи |
(NLR Aleph) 011508987 |
| 100 ## - ДАННЫЕ ОБЩЕЙ ОБРАБОТКИ |
| Данные общей обработки |
20171027d2001 |||y0rusy50 ca |
| 101 0# - ЯЗЫК РЕСУРСА |
| Язык текста, звукозаписи и т.д. |
русский |
| 102 ## - СТРАНА ПУБЛИКАЦИИ ИЛИ ПРОИЗВОДСТВА |
| Страна публикации |
Российская Федерация |
| 105 ## - ПОЛЕ КОДИРОВАННЫХ ДАННЫХ: ТЕКСТОВЫЕ МАТЕРИАЛЫ, МОНОГРАФИЧЕСКИЕ |
| Кодированные данные о монографическом текстовом документе |
ac z 100zy |
| 200 1# - ЗАГЛАВИЕ И СВЕДЕНИЯ ОБ ОТВЕТСТВЕННОСТИ |
| Основное заглавие |
Россия - Индия: перспективы регионального сотрудничества (г. Петрозаводск) |
| Сведения, относящиеся к заглавию |
[материалы семинара (г. Петрозаводск, 23-24 апреля 2001 г.] |
| Первые сведения об ответственности |
Российская академия наук, Институт востоковедения |
| Последующие сведения об ответственности |
[Редактор-составитель: Г.М. Кузнецова |
| -- |
ответственный редактор: В.П. Кашин] |
| 210 ## - ПУБЛИКАЦИЯ, РАСПРОСТРАНЕНИЕ И ДР. |
| Место издания, распространения и т.д. |
Москва |
| Имя издателя, распространителя и т. д. |
Институт востоковедения РАН |
| Дата издания, распространения и т.д. |
2001 |
| 215 ## - ФИЗИЧЕСКАЯ ХАРАКТЕРИСТИКА |
| Специфическое обозначение материала и объем |
118 с. |
| Другие сведения о физической характеристике |
ил., портр. |
| Размеры |
20 |
| 320 ## - ПРИМЕЧАНИЯ О НАЛИЧИИ В ДОКУМЕНТЕ БИБЛИОГРАФИИ / УКАЗАТЕЛЯ |
| Текст примечания |
Библиогр. в конце ст. |
| 607 ## - ГЕОГРАФИЧЕСКОЕ НАИМЕНОВАНИЕ КАК ПРЕДМЕТ |
| Географическое наименование |
Россия |
| Формальный подзаголовок |
Съезды, совещания и т.п |
| Тематический подзаголовок |
Взаимоотношения |
| Географический подзаголовок |
Индия |
| Системный номер авторитетной/нормативной записи |
2219920 |
| Идентификатор авторитетной/нормативной записи |
RU\NLR\AUTH\661333075 |
| 607 ## - ГЕОГРАФИЧЕСКОЕ НАИМЕНОВАНИЕ КАК ПРЕДМЕТ |
| Географическое наименование |
Индия |
| Формальный подзаголовок |
Съезды, совещания и т.п |
| Тематический подзаголовок |
Взаимоотношения |
| Географический подзаголовок |
Россия |
| Системный номер авторитетной/нормативной записи |
2219923 |
| Идентификатор авторитетной/нормативной записи |
RU\NLR\AUTH\661333076 |
| 686 1# - ИНДЕКСЫ ДРУГИХ КЛАССИФИКАЦИЙ |
| Индекс |
Т3(2)0-64(5Ид)я431 |
| 686 1# - ИНДЕКСЫ ДРУГИХ КЛАССИФИКАЦИЙ |
| Индекс |
Т3(5Ид)0-64(2)я431 |
| 702 #1 - ИМЯ ЛИЦА - ВТОРИЧНАЯ ОТВЕТСТВЕННОСТЬ |
| Код отношения |
Составитель |
| Графика поля |
Кириллица |
| Материалы, к которым относится поле |
rus |
| Начальный элемент ввода |
Кузнецова |
| Часть имени, кроме начального элемента ввода |
Г. М. |
| Дополнения к именам, кроме дат |
востоковед |
| Расширение инициалов личного имени |
Галина Михайловна |
| Системный номер авторитетной/нормативной записи |
186271 |
| Идентификатор авторитетной/нормативной записи |
RU\NLR\AUTH\770186322 |
| 702 #1 - ИМЯ ЛИЦА - ВТОРИЧНАЯ ОТВЕТСТВЕННОСТЬ |
| Начальный элемент ввода |
Кашин |
| Часть имени, кроме начального элемента ввода |
В.П. |
| Расширение инициалов личного имени |
Валерий Петрович |
| Код отношения |
Редактор |
| 711 12 - НАИМЕНОВАНИЕ ОРГАНИЗАЦИИ - АЛЬТЕРНАТИВНАЯ ОТВЕТСТВЕННОСТЬ |
| Начальный элемент ввода |
"Россия-Индия: перспективы регионального сотрудничества", семинар |
| Место проведения временной организации |
Петрозаводск |
| Дата проведения временной организации |
2001 |
| Системный номер авторитетной/нормативной записи |
594521 |
| Идентификатор авторитетной/нормативной записи |
RU\NLR\AUTH\880466163 |
| 712 02 - НАИМЕНОВАНИЕ ОРГАНИЗАЦИИ - ВТОРИЧНАЯ ОТВЕТСТВЕННОСТЬ |
| Код отношения |
Прочие |
| Начальный элемент ввода |
Институт востоковедения |
| Идентифицирующий признак |
Москва |
| Идентификатор авторитетной/нормативной записи |
RU\NLR\AUTH\8810000899 |
| Системный номер авторитетной/нормативной записи |
498968 |
| 942 ## - ДОПОЛНИТЕЛЬНЫЕ ЭЛЕМЕНТЫ ЗАПИСИ (АБИС) |
| Тип экземпляра АБИС |
Книга |
| 980 ## - КОЛЛЕКЦИЯ |
| Название коллекции |
Национальная библиография |